000 00249 a2200097 4500
001 55656
100 _a
245 _aAmir Khsroo ; shakyat afkaar wa khyallat wa fikr wa fun
260 _aIndia
_bEducational Productions
_c2006
090 _c34537
_d34537
942 _aNUST-CAE
_c
_c27266
999 _c290729
_d290729